The Military System in Mediaeval Assam (Record no. 515143)

000 -LEADER
fixed length control field 00344nam a22001097a 4500
082 ## - DEWEY DECIMAL CLASSIFICATION NUMBER
Classification number N11X5411 B469
100 ## - MAIN ENTRY--PERSONAL NAME
Personal name Bhuyan, Suryya Kumar
9 (RLIN) 20282
245 ## - TITLE STATEMENT
Title The Military System in Mediaeval Assam
Statement of responsibility, etc by Chaturvedi, T. N.
260 ## - PUBLICATION, DISTRIBUTION, ETC. (IMPRINT)
Place of publication, distribution, etc Guwahati
Name of publisher, distributor, etc The Centenary Celebration Commitee
Date of publication, distribution, etc 2010
300 ## - PHYSICAL DESCRIPTION
Extent 48p.
650 ## - SUBJECT ADDED ENTRY--TOPICAL TERM
Topical term or geographic name as entry element Millitary Policy- India
9 (RLIN) 20283
Holdings
Withdrawn status Lost status Source of classification or shelving scheme Damaged status Koha normalized classification for sorting Not for loan Permanent location Current location Date acquired Full call number Barcode Date last seen Price effective from Koha item type
        N_11X5411_B469   Indian Institute of Public Administration Indian Institute of Public Administration 2021-01-13 N11X5411 B469 22151 2021-01-13 2021-01-13 GR

Powered by Koha